000 00885nam a22003017a 4500
003 CHAP
005 20220817044155.0
008 070627d2006 it ad rn 00110 spa d
010 _a93812
011 _a94784
020 _a9789253054084
035 _a105381
040 _cCHAP
082 0 4 _a635
_bF33
110 2 _aFAO
245 1 0 _aCrear y manejar un huerto escolar:
_bun manual para profesores, padres y comunidades
_c/por FAO
260 _aRoma :
_bFAO,
_c2006
300 _a198 p. :
_bilus. ; cuad.
590 _aBATCH-UPD
_b10
_c20130110
_lUCH01
_h1638
590 _aCONVERSION
_b10
_c20130109
_lUCH01
_h1352
650 1 4 _aHorticultura.
_956291
650 1 4 _aHuertos familiares.
_956726
650 1 4 _aLegumbres.
_965680
901 _aBK
905 _aMarco A. Mendoza T.
942 _cLIBRO
949 _a635 F33
_bBC
_cFAO
_d33724002033934
_eFAO1
_gDonaciØn
_h108717
_i105381
_sb
999 _c93812
_d93812